[Event "1st Guwahati GM Open 2022"]
[Site "Guwahati"]
[Date "2022.03.18"]
[Round "7.13"]
[White "Shyaamnikhil P"]
[Black "Mohota, Nisha"]
[Result "1-0"]
[WhiteElo "2442"]
[BlackElo "2147"]
[Annotator "TA"]
[PlyCount "135"]
[EventDate "2022.03.15"]
[EventCountry "IND"]
[SourceTitle "playchess.com"]
[Source "ChessBase"]
[SourceQuality "1"]

{[%evp 9,135,1,19,13,28,29,28,25,25,16,14,9,40,38,67,7,11,0,0,0,0,0,0,0,0,0,0,0,0,0,0,0,0,0,0,0,0,-64,62,75,68,55,66,56,68,52,61,40,69,0,0,-3,28,25,104,117,110,106,119,152,197,200,183,154,141,147,150,150,219,220,177,160,149,73,82,40,495,491,504,400,398,398,393,387,400,399,476,413,481,503,450,420,602,532,531,529,527,518,851,826,727,710,859,818,6123,930,892,862,844,828,3710,2510,2737,1869,29968,29972,12796,12153,29969,29973,29973,29974,29976,29977,29976,29976,29970,12796]} 1. e4 e5 2. Nf3 Nc6 3. Bb5 {[%cal Bf1b5,Bb5a4,Ba4b3][%mdl 32]} a6 4. Ba4 Nf6 5. Nc3 Bd6 {[%cal Bf8d6,Bd6c5,Bc5a7][%mdl 32]} 6. d3 {C77: Ruy Lopez: 3...a6 4 Ba4 Nf6, unusual lines.} h6 7. a3 {[%cal Ba2a3,Ba3a4][%mdl 32]} b5 8. Bb3 {White has an edge.} Bc5 9. Nd5 d6 10. c3 Ba7 11. a4 Be6 {[#]} 12. Be3 $146 (12. Nxf6+ $1 $14 Qxf6 13. Bd5) ({Predecessor:} 12. O-O O-O 13. Be3 Nd7 14. axb5 axb5 15. d4 Bg4 16. Qd3 Bxf3 17. gxf3 Rb8 18. Kh1 Kh8 19. Rg1 {1-0 (24) Kosteniuk,A (2471)-Grigorieva,Y (2290) Moscow 2020}) 12... b4 13. Nxb4 Nxb4 14. cxb4 Bxe3 15. fxe3 Qb8 16. b5 Bxb3 17. Qxb3 axb5 18. a5 {To avoid Qb6} O-O 19. O-O Ra6 20. Nh4 $1 {[%cal Of1f6]} Qa7 {[%csl LRa5,LRe3]} 21. Rae1 {[%cal Of1f6] Rxf6! is the strong threat.} (21. Nf5 Rxa5 22. Rxa5 Qxa5 $15) 21... Rxa5 22. Qd1 {[%cal Of1f6]} Kh7 23. Nf5 ({White should play} 23. Rxf6 $11 gxf6 24. Qh5) 23... Ng8 (23... Ra6 $15) 24. Qg4 $14 {[%csl Gf5][%cal Rg4g7]} g6 25. Nh4 {[%cal Of1f7] Rxf7+! would kill now.} Ne7 26. Qd7 c5 27. Qxd6 $40 {[%mdl 128] White is up to no good.} c4 28. Qxe5 {Hoping for d4.} cxd3 29. Qc3 (29. Nf3 $14) 29... Ra4 $11 30. Qxd3 Qa8 31. Rf4 Ra1 (31... g5 $11 32. e5+ (32. b3 $2 Ra6 $19) 32... Kg8 33. Rxa4 bxa4) 32. Rxa1 $1 $16 Qxa1+ {[#]} 33. Rf1 $1 ({Much worse is} 33. Qf1 $6 Qa2 $11) 33... Qa4 (33... Qxb2 $2 34. Qd6 Qh8 35. Qxe7 $18) 34. Nf3 Kg8 (34... Qb4 $16 35. Nd4 Kg8) 35. Ne5 $18 Qb4 36. Qd7 {And now Qc7 would win.} Qc5 {[#] Inhibits Qc7.} 37. Qd4 {White is much more active. Black has bad knights.} Qxd4 38. exd4 $16 {[%mdl 4096] Endgame KRN-KRN} Kg7 {Inhibits Rf6.} (38... f5 $16 39. exf5 gxf5) 39. d5 $18 {Strongly threatening d6.} Nc8 40. Nc6 Nb6 41. d6 (41. Rd1 $142) 41... Nd7 42. Ra1 (42. Kf2 $16) 42... Re8 $2 {[%mdl 8192] Loses the game.} (42... Rc8 $14 43. Nd4 Re8) 43. Ra7 Nf8 44. d7 Nxd7 45. Rxd7 Rxe4 {KRN-KR} 46. Nd4 Kf6 47. Kf2 {Prevents Re1.} Ke5 48. Nf3+ Kf6 49. Rd4 Re6 50. b4 Rc6 (50... Ra6 $142 51. Rd5 Ke7 52. Rxb5 Ra2+ 53. Kg3 Ke6 54. Rb6+ Kf5) 51. Rd5 Rc2+ 52. Kg3 Rb2 53. Rxb5 h5 (53... Ke7 $142 54. Rb6 h5) 54. h4 Rb3 55. Kf4 Ke7 56. Rb7+ Kd6 57. Ne5 Rb1 58. Nxf7+ Kc6 59. Nd8+ Kd5 60. Kg5 Rb2 61. Kxg6 Rxg2+ 62. Kxh5 Rg8 63. Nf7 {Threatening mate with Kh6.} Kc6 64. Re7 {White mates.} Kb5 65. Re4 Rg7 66. Ng5 Rg8 67. Kh6 Rh8+ 68. Kg7 {Weighted Error Value: White=0.15 (very precise) /Black=0.40} (68. Kg6 $142 Ra8 69. h5 Rg8+ 70. Kf6 Rh8 71. Rh4 Rf8+ 72. Nf7 Rb8 73. h6) 1-0

[Event "1st Guwahati GM Open 2022"]
[Site "Guwahati"]
[Date "2022.03.18"]
[Round "7.14"]
[White "Divya Deshmukh"]
[Black "Abdisalimov, Abdimalik"]
[Result "1/2-1/2"]
[WhiteElo "2301"]
[BlackElo "2435"]
[Annotator "TA"]
[PlyCount "101"]
[EventDate "2022.03.15"]
[EventCountry "IND"]
[SourceTitle "playchess.com"]
[Source "ChessBase"]
[SourceQuality "1"]

{[%evp 9,101,21,31,27,41,16,8,-14,-12,0,-27,-20,-25,-22,0,0,36,0,55,62,65,54,113,0,0,0,0,0,28,0,42,0,0,0,0,0,0,0,0,0,6,7,12,0,0,0,0,0,0,-111,-111,-104,-114,-111,-110,-116,-80,-82,-90,-79,-33,-28,-34,-32,-14,-14,-14,-14,-14,-14,-14,-17,0,-25,-25,-25,-25,-25,-25,-50,-50,-57,-25,-32,-14,-18,0,0,0,0,0,0,0,0]} 1. e4 g6 2. d4 Bg7 3. Nf3 d6 4. Nc3 a6 5. Be3 b5 {[%cal Bb7b5,Bb5b4][%mdl 32]} 6. Be2 {B06: Modern Defence.} Bb7 7. O-O Nd7 8. Qd2 b4 9. Nd5 a5 10. a3 e6 $1 11. Nf4 {[#]} Ngf6 $146 ({Predecessor:} 11... Bxe4 12. axb4 axb4 13. Ng5 Qxg5 14. f3 Bxf3 15. Bxf3 Rxa1 16. Rxa1 Qb5 17. Ra8+ Ke7 {½-½ (52) Costa Trillo,V (2084)-Hauser,D (2251) ICCF email 2012}) 12. e5 dxe5 (12... Ne4 $5 {[%cal Re4d2]} 13. Qd3 bxa3 $14) 13. dxe5 ({Much weaker is} 13. Nxe5 Nxe5 14. dxe5 Qxd2 15. Bxd2 Ne4 $11) 13... Ne4 ({Black should play} 13... Ng4 $1 $11) 14. Qd3 $1 $14 c5 15. axb4 axb4 (15... cxb4 $14 16. Qd4 Bc6) 16. Rad1 ({Better is} 16. Qc4 $1 $16) 16... Qc7 17. Qb3 $1 {[%cal Of4e6]} Qc6 (17... Nxe5 18. Bb5+ Kf8 19. Nxe5 (19. Qxe6 Nxf3+ 20. gxf3 Ng5 $17) 19... Qxe5 20. Nd3 $16) 18. c3 Nxe5 19. cxb4 {Black must now prevent Nxe5.} c4 {[#]} (19... O-O $1 $11) 20. Qc2 (20. Nxe5 $1 $14 {is more appropriate.} cxb3 21. Nxc6 Bxc6 22. b5) 20... O-O $11 21. Nxe5 Bxe5 22. Qxc4 Qxc4 23. Bxc4 Bxb2 24. Nd3 Ba3 25. Nc5 Rfc8 {[#]} 26. Bxe6 $1 Rxc5 27. bxc5 {[%cal Oe6f7]} fxe6 28. Rd7 $1 Bd5 {This bishop pair is nice.} 29. Rc7 {[#]} (29. Ra1 $11 {keeps the balance.}) 29... Bb2 $1 $17 30. f3 Nf6 31. c6 Be5 32. Re7 Kf8 ({Resist} 32... Bxc6 33. Rxe6 Bb5 34. Rxe5 $16) 33. Ra7 Rxa7 34. Bxa7 Bxc6 ({Black should try} 34... Ke7 $17 35. Rc1 Kd8) 35. Re1 $15 Nd7 36. f4 $1 Bxf4 37. Rf1 $1 g5 {...Kg7 is the strong threat.} 38. g3 {[%mdl 64] [#] Pin} e5 $1 39. gxf4 (39. Kf2 Ke7) 39... gxf4 $11 {[%mdl 4096] Endgame KRB-KBN} 40. Be3 Nf6 41. Bxf4 exf4 42. Rxf4 Kf7 43. Kf2 Kg6 44. Rb4 Kg5 45. Rc4 Be4 46. Ke3 Kf5 {And now ...Ng4+ would win.} 47. Rc5+ {The position is equal.} Nd5+ 48. Kd4 Kf4 {Strongly threatening ...Ne3.} 49. Rxd5 Bxd5 50. Kxd5 h5 51. h4 {Weighted Error Value: White=0.13 (very precise) /Black=0.11 (very precise)} 1/2-1/2

[Event "1st Guwahati GM Open 2022"]
[Site "Guwahati"]
[Date "2022.03.18"]
[Round "7.15"]
[White "Nitin, S.."]
[Black "Bristy Mukherjee"]
[Result "1-0"]
[WhiteElo "2427"]
[BlackElo "1856"]
[Annotator "TA"]
[PlyCount "133"]
[EventDate "2022.03.15"]
[EventCountry "IND"]
[SourceTitle "playchess.com"]
[Source "ChessBase"]
[SourceQuality "1"]

{[%evp 12,133,54,65,70,51,84,108,131,133,122,118,122,62,83,63,64,39,66,42,47,48,72,74,77,71,102,83,130,130,121,128,123,126,139,96,99,59,59,71,54,51,56,56,66,65,77,62,63,63,62,48,75,62,106,100,108,107,111,78,230,229,235,119,110,112,114,79,153,157,203,181,175,156,215,220,219,193,195,183,286,295,273,168,154,148,176,161,291,276,293,283,382,378,427,407,427,416,417,320,361,351,496,425,496,0,495,392,351,0,443,401,658,652,644,631,998,962,1047,1016,1147,1096,29983,29984]} 1. e4 g6 2. d4 Bg7 3. Nc3 c5 4. dxc5 Qa5 5. Bd2 Qxc5 6. Nd5 Na6 7. Nf3 {Black must now prevent Rb1.} e6 $1 {B06: Modern Defence.} 8. Bc3 Bxc3+ 9. Nxc3 Nf6 {White is better.} 10. e5 Ng4 {[%csl Gg4][%cal Rc5f2]} 11. Qe2 {[#]} f6 $146 {[%cal Rg4e5] [#]} ({Predecessor:} 11... d6 12. O-O-O Nxf2 13. Na4 Qa5 14. Qxf2 Qxa4 15. exd6 O-O 16. Kb1 Bd7 17. Ne5 Rad8 {½-½ (38) Oleksienko,M (2497)-Shkuran,D (2405) Ternopol 2003}) 12. exf6 (12. Ne4 $1 $16 {[%cal Re4c5]} Qa5+ 13. c3) 12... Nxf6 13. O-O-O Nc7 14. Ne5 O-O {[%cal Ob7b5]} 15. f4 Ncd5 16. Nxd5 Nxd5 17. g3 d6 18. Nd3 Qe3+ 19. Qd2 Bd7 (19... a5 $142) 20. Bg2 $16 Bc6 21. Rhe1 Qxd2+ 22. Rxd2 Nc7 23. Bh3 (23. Bxc6 $142 bxc6 24. Nf2) 23... Rfe8 24. Bg4 a5 25. h4 h5 26. Bh3 {[%cal Bg4h3,Bh3f1,Bf1d3][%mdl 32]} Kf7 27. Nf2 {[%cal Bd3f2,Bf2h3,Bh3g5][%mdl 32]} Rad8 28. Bf1 Bd5 29. Nh3 b5 30. Ng5+ Kf6 31. Bd3 Re7 32. Be4 Red7 (32... Ree8 $14 {was preferrable.}) 33. Bxd5 exd5 34. Rde2 {Prevents Re7. White is much more active.} Rg8 35. Kd2 Rgg7 $2 {[#]} (35... b4 $16) 36. f5 $1 $18 Rge7 37. fxg6 (37. Rxe7 $18 Rxe7 38. Rxe7 Kxe7 39. fxg6) 37... Rxe2+ $16 38. Rxe2 Kxg6 $18 {[%mdl 4096] Endgame KRN-KRN} 39. Rf2 Ne8 ({Black should try} 39... Rg7) 40. Ne6 $16 {Threatens to win with Nf8+.} Rf7 (40... Re7 $16) 41. Nf4+ Kh7 42. Kd3 Rf5 (42... Ng7 $16 43. Rg2 b4 44. Nxd5 Rf1) 43. Re2 $18 Nf6 44. Re7+ Kg8 45. Kd4 Ne4 (45... Kf8 {was worth a try.} 46. Rb7 Ne4) 46. Nxd5 Nd2 47. Nf4 Nf1 48. Ne2 Kf8 49. Re6 {And now Ke4 would win.} Rf2 (49... Kf7 {was called for.} 50. Re4 (50. Rxd6 Rf2 $14) 50... Kf6) 50. Kd5 Kf7 {[%cal Of1g3]} 51. Kxd6 Nd2 52. b3 {Inhibits Nc4+.} a4 53. Nd4 axb3 54. axb3 Nf1 55. Ne2 Rf3 56. Re5 {[%csl LRb5,LRh5]} Rf2 (56... Ne3 {might work better.} 57. Rxh5 Nxc2 58. Rxb5 Rd3+ 59. Kc5 Re3) 57. Re4 Kg6 58. Re5 $2 (58. c4 $18) 58... Kf6 $2 {[%mdl 8192]} (58... Kf7 $11 59. c4 bxc4 60. bxc4 Rf3) 59. Re8 {Strongly threatening Rf8+.} Kf7 {To avoid Rf8+} 60. Re4 Kg6 $1 61. Kc5 Nd2 (61... Rf5+ $142 62. Kb4 Nd2) 62. Nf4+ Kf5 63. Re2 Ne4+ 64. Kd4 Rxe2 65. Nxe2 Nd6 66. Kd5 Ne4 67. Nd4+ {Weighted Error Value: White=0.30/Black=0.37} 1-0

[Event "1st Guwahati GM Open 2022"]
[Site "Guwahati"]
[Date "2022.03.18"]
[Round "7.16"]
[White "Vaibhav Jayant Raut"]
[Black "Gholami Orimi, Mahdi"]
[Result "0-1"]
[WhiteElo "2198"]
[BlackElo "2420"]
[Annotator "TA"]
[PlyCount "68"]
[EventDate "2022.03.15"]
[EventCountry "IND"]
[SourceTitle "playchess.com"]
[Source "ChessBase"]
[SourceQuality "1"]

{[%evp 9,68,35,39,0,0,0,0,0,0,-50,-50,-50,-48,-57,-34,-33,-20,-27,-16,-104,-100,-94,-78,-179,-169,-179,-181,-188,-179,-194,-174,-187,-186,-208,-202,-219,-212,-253,-195,-296,-289,-301,-293,-295,-296,-335,-344,-402,-387,-435,-443,-439,-425,-437,-422,-429,-437,-458,-439,-470,-445]} 1. e4 g6 2. d4 Bg7 3. Nc3 d6 4. Nf3 a6 5. a4 Bg4 6. Bc4 {[%cal Oc4f7] B06: Modern Defence.} e6 $1 7. Be3 Nc6 8. d5 {The position is equal.} Ne5 9. dxe6 fxe6 $15 10. Be2 Bxf3 11. gxf3 {[%cal Bg2f3,Bf3f4][%mdl 32] [#]} Qf6 $146 ({Predecessor:} 11... Nf6 12. f4 Nc6 13. f5 Qd7 14. fxe6 Qxe6 15. Nd5 O-O-O 16. Nxf6 Qxf6 17. Qd5 Nd4 {0-1 (37) Jovanovic,S (2290)-Indjic,A (2430) Belgrade 2012}) 12. h4 Ne7 {Pair of Knights!} 13. f4 $1 N5c6 {[%cal Be5c6,Bc6b4,Bb4d3][%mdl 32]} 14. e5 (14. Bc4 $1 $11) 14... dxe5 $17 {Black keeps a firm grip on the game.} 15. Ne4 Qf5 16. Bd3 {[#]} (16. Nc5 $17 Rd8 17. Bd3) 16... O-O-O $1 $19 17. Nc5 e4 18. Nxe4 Nb4 (18... Bxb2 19. Rb1 Bd4 20. Qe2 (20. Nd6+ Rxd6 21. Bxf5 Bc3+ 22. Ke2 Rxd1 $17) 20... Bxe3 21. fxe3 (21. Nd6+ Rxd6 22. Bxf5 Bd2+ 23. Qxd2 Rxd2 $17) 21... Qa5+ 22. Qd2 $17) 19. Qe2 {[%cal Oe4d6] Hoping for Nd6+!} Nxd3+ (19... Bxb2 20. Nd6+ Rxd6 21. Bxf5 Bxa1 22. Be4 $14) 20. cxd3 Nc6 $36 {[%mdl 2048] Black is in control.} 21. Rc1 Nd4 22. Bxd4 Rxd4 23. Nc5 Re8 ({Not} 23... Rxf4 24. Qxe6+ (24. Nxe6 $2 Re8 $19) 24... Kb8 25. Qxf5 gxf5 26. Rc2 $17) (23... Qxf4 $2 24. Qe3 $17) 24. Qf3 (24. h5 $142) 24... Rd5 ({Inferior is} 24... Qxf4 25. Qxb7+ Kd8 26. Rc2 $14) 25. Ne4 Red8 26. Rd1 Bxb2 {[%cal Ob2e5]} 27. O-O {[#]} Be5 $1 {[%mdl 512]} 28. Rfe1 (28. Kg2 Bxf4) 28... Bxf4 29. Re2 {[#]} Bh2+ $1 {[%mdl 512] Black is clearly winning.} 30. Kg2 Qxf3+ 31. Kxf3 Rxd3+ 32. Rxd3 Rxd3+ 33. Kg2 Bd6 34. Ng5 Rd4 {[%csl LRa4,LRh4] Weighted Error Value: White=0.28 (precise) /Black=0.05 (flawless)} 0-1

[Event "1st Guwahati GM Open 2022"]
[Site "Guwahati"]
[Date "2022.03.18"]
[Round "7.18"]
[White "Singh, Soram Rahul"]
[Black "Visakh N R"]
[Result "0-1"]
[WhiteElo "2006"]
[BlackElo "2522"]
[Annotator "TA"]
[PlyCount "60"]
[EventDate "2022.03.15"]
[EventCountry "IND"]
[SourceTitle "playchess.com"]
[Source "ChessBase"]
[SourceQuality "1"]

{[%evp 9,60,28,46,56,45,43,64,52,51,55,55,43,77,77,77,34,66,7,73,44,56,25,34,-34,0,0,0,0,0,0,0,0,0,-26,-26,-58,-35,-172,-168,-145,-172,-289,-297,-271,-279,-502,-489,-1086,-1061,-5377,-5189,-1440,-1289]} 1. d4 d5 2. c4 e6 3. Nc3 Bb4 4. Qa4+ Nc6 5. e3 Nge7 {[%cal Oe6e5]} 6. Nf3 {D31: Queen's Gambit Declined: Semi-Slav without ...Nf6 (+ Marshall Gambit and Noteboom) and Exchange Variation lines without ...Nf6.} O-O 7. Bd2 {[#]} Nf5 $146 ({Predecessor:} 7... a5 8. a3 Bxc3 9. Bxc3 b6 10. cxd5 exd5 11. Be2 Ba6 12. Bxa6 Rxa6 13. O-O Ra7 {1-0 (60) Sadzikowski,D (2582)-Jobava,B (2669) Gallipoli 2018}) 8. Bd3 {White is slightly better.} a5 {[%cal Oe6e5]} 9. a3 Bxc3 10. Bxc3 Nd6 11. Qc2 f5 12. Nd2 ({White should play} 12. cxd5 $16 exd5 13. O-O) 12... a4 13. O-O-O (13. O-O $14) 13... Na5 (13... b6 $11 {remains equal.}) 14. cxd5 (14. Qxa4 Bd7 15. Qb4 Naxc4 $11) (14. c5 $5 {[%cal Rc5d6]} Ne4 15. Bxa5 (15. Nxe4 Nb3+ 16. Kb1 fxe4 $11) (15. Bxe4 fxe4 16. Bxa5 Rxa5 $11) 15... Rxa5 16. Nf3 $14) 14... exd5 15. Bb4 Rf6 16. Bxd6 (16. Nf3 $14) 16... Rxd6 17. Kb1 (17. Bxf5 $2 Rc6 18. Bxh7+ Kh8 $19) (17. Qxa4 $2 Bd7 18. Bb5 Nc4 19. Bxd7 Rxa4 20. Bxa4 Rb6 21. Nxc4 dxc4 $19) 17... Rc6 18. Qxa4 Be6 $1 {aiming for ...Nc4.} 19. Qb4 Nc4 20. Bxc4 (20. Qxb7 $2 Rb6 21. Qxb6 cxb6 $19) 20... dxc4 21. Qc3 (21. Qxb7 $2 Rb6 22. Qxb6 (22. Qf3 $2 Rxa3 23. Kc2 Ra2 $19) 22... cxb6 $19) 21... b5 {[%mdl 1024] Black has compensation.} 22. Rc1 Rd6 {[%cal Oc7c5,Bc6d6,Bd6d4,Bd4d3,Bd3b3][%mdl 32]} 23. h4 {[#] Loses the game.} (23. Qb4 $15) 23... c5 $1 $19 24. h5 (24. Nf3 $2 b4 25. axb4 cxb4 26. Qxb4 Rb6 $19) 24... Rb8 {White must now prevent ...b4.} ({Inferior is} 24... cxd4 25. exd4 Rxd4 26. h6 $15) 25. b4 ({Don't blunder} 25. Nf3 $2 b4 26. axb4 cxb4 $19) (25. Qc2 $142) 25... cxd4 26. exd4 Rxd4 27. h6 $2 {[#]} (27. Rc2 {was forced.}) 27... Rb7 $1 {Black is clearly winning.} 28. Nf3 (28. Rcd1 $142 Rd3 29. Qc2) 28... Rd3 29. Qe5 Rb3+ 30. Ka2 {[#]} Qa8 $1 {[%csl LRa3,LRb4] Weighted Error Value: White=0.85/Black=0.09 (flawless)} 0-1

[Event "1st Guwahati GM Open 2022"]
[Site "Guwahati"]
[Date "2022.03.18"]
[Round "7.19"]
[White "Karthik Venkataraman"]
[Black "Borgaonkar Akshay"]
[Result "1-0"]
[WhiteElo "2485"]
[BlackElo "1985"]
[Annotator "TA"]
[PlyCount "85"]
[EventDate "2022.03.15"]
[EventCountry "IND"]
[SourceTitle "playchess.com"]
[Source "ChessBase"]
[SourceQuality "1"]

{[%evp 13,84,33,38,39,50,47,42,34,101,39,79,72,108,86,93,86,110,85,95,96,143,136,201,207,212,190,371,189,189,183,179,180,189,189,189,189,189,168,213,168,189,189,189,189,189,189,189,168,419,369,467,448,598,588,521,357,363,310,479,481,482,482,896,987,941,907,826,846,29983,29978,29989,29990,29999]} 1. d4 Nf6 2. c4 g6 3. Nc3 Bg7 4. e4 d6 5. h3 O-O 6. Be3 e5 7. d5 a5 8. g4 {E71: King's Indian: 4 e4 d6 5 h3.} Na6 9. Qd2 Nc5 10. f3 {White is slightly better.} a4 (10... c6 $1 $14) 11. h4 (11. O-O-O $1 $16) 11... h5 {[#]} 12. g5 $146 ({Predecessor:} 12. Bg5 Bd7 13. gxh5 gxh5 14. Nge2 Kh7 15. Ng3 Qe8 16. Bh3 Bxh3 17. Rxh3 Ng8 18. Nf5 {0-1 (37) Begovic,I (1998)-Jovanovic,S (2297) Belgrade 2003}) 12... Ne8 13. O-O-O Bd7 14. Kb1 Ra6 15. Nh3 Qa8 16. Nb5 (16. Qe1 {feels hotter.} Qa7 17. Nf2 Qb6 18. Nb5 Qa5 19. Bh3) 16... b6 ({Black should try} 16... c6) 17. Nf2 $16 {White is more active.} Bxb5 (17... Ra5 $16 18. Qe2 Qd8) 18. cxb5 $18 Ra7 19. Qc2 f5 $2 (19... f6 20. Be2 fxg5) 20. gxf6 (20. exf5 $142 a3 21. b3 (21. fxg6 axb2 22. Bc4 Ra3 $16)) 20... Nxf6 21. Be2 Qe8 22. Rdg1 {Threatens to win with Rg2.} Nfd7 23. Rg2 {And now Rhg1 would win.} Rf6 24. Rhg1 Nf8 25. Qd2 Ra5 (25... Qd7 $142 26. Nd3 Nxd3 27. Qxd3 Rf7) 26. Qb4 Nh7 27. Nh3 Nf8 28. Qc4 Kh8 29. Bd2 Ra8 30. Kc2 Nh7 $2 (30... Qd7) 31. f4 exf4 32. Nxf4 Qe5 33. Nxg6+ Rxg6 34. Rxg6 Qxb2+ 35. Kd1 Bd4 (35... Be5 {might work better.} 36. Bxh5 Bd4) 36. Bc1 Qa1 {[#]} 37. Kc2 $1 ({Not} 37. R1g2 Be3 $18) 37... Nb3 (37... a3 $142 38. Bxa3 (38. Bxh5 $2 Bxg1 39. Rxg1 Nf6 $19) 38... Bxg1 39. Bb2+ Qxb2+ 40. Kxb2 Ra4) 38. axb3 axb3+ 39. Qxb3 {Hoping for Bb2.} Ra2+ 40. Kd3 {[%csl Gg1][%cal Rg6g8]} Nf6 {[#] To avoid Rg8+} 41. Bg5 $1 {[%mdl 512] White mates.} Nxe4 {[#]} (41... Qxg1 42. Bxf6+) 42. Bf6+ $1 Bxf6 (42... Nxf6 43. Rh6+) 43. Rh6# {White took control after the opening.  Weighted Error Value: White=0.14 (very precise) /Black=0.58} 1-0

[Event "1st Guwahati GM Open 2022"]
[Site "Guwahati"]
[Date "2022.03.18"]
[Round "7.20"]
[White "Thapa, Krishna"]
[Black "Raahul V S"]
[Result "1/2-1/2"]
[WhiteElo "1979"]
[BlackElo "2478"]
[Annotator "TA"]
[PlyCount "123"]
[EventDate "2022.03.15"]
[EventCountry "IND"]
[SourceTitle "playchess.com"]
[Source "ChessBase"]
[SourceQuality "1"]

{[%evp 14,123,20,27,34,39,43,0,0,0,0,0,29,-31,62,0,4,-34,-21,-71,-57,-72,-79,-152,-156,-240,-66,-65,-60,-52,-56,-76,-61,-89,-83,-86,0,0,0,0,0,0,0,0,64,9,14,0,12,0,312,312,276,312,270,286,266,272,258,161,209,58,64,10,10,10,10,0,14,10,10,10,19,19,19,19,47,47,47,47,47,47,47,47,47,47,47,47,47,0,47,47,148,148,178,178,178,178,226,226,229,0,148,148,226,226,229,0,47,0,233,0]} 1. d4 d5 2. Nf3 Nf6 3. g3 e6 4. c4 c6 5. Bg2 Bd6 6. Nc3 O-O 7. O-O Nbd7 8. Qd3 b6 {E01: Catalan: Early deviations.} 9. e4 Ba6 10. b3 (10. e5 $14 Bxc4 11. Qd1) 10... dxc4 $11 {The position is equal.} 11. bxc4 e5 {[#]} 12. Rd1 $146 ({Predecessor:} 12. Ne2 exd4 13. Nfxd4 Ne5 14. Qc2 Bxc4 15. Rd1 Bc5 16. Bb2 Qc8 17. f4 Nfg4 18. Rd2 {0-1 (29) Dai,C (2503)-Huang,R (2422) Shaoxing 2021}) 12... Qe7 13. d5 (13. Na4 $11) 13... Rac8 (13... Nc5 $15 14. Qe2 cxd5 15. exd5 Rae8) 14. Bg5 (14. Nh4 $1 $14 Rfd8 15. Nf5) 14... h6 $1 15. dxc6 Rxc6 16. Bxf6 (16. Nb5 $11 Bb4 17. Bxf6 Nxf6 18. Rab1) 16... Nxf6 $17 17. Nb5 {[%cal Rb5d6]} Bc5 18. Nh4 (18. Bh3 $142) 18... Ng4 19. Rd2 (19. Nf5 $17 {keeps fighting.} Qe6 20. Rf1) 19... Qf6 $2 (19... Nxf2 $19 20. Rxf2 Rd8) 20. Rf1 $1 $15 Bxb5 21. cxb5 Rd6 22. Qc2 Rfd8 23. Rxd6 Qxd6 24. Nf3 {[%cal Bh4f3,Bf3e5,Be5c6][%mdl 32]} Qg6 (24... Rc8 $17 {...Bxf2+ is the strong threat.} 25. Qe2 Nxf2 26. Rxf2 Bxf2+ 27. Qxf2 Qd1+ 28. Bf1 Rc2) 25. Bh3 $11 h5 26. Bxg4 hxg4 27. Nxe5 Qe6 28. Nc6 Rd7 (28... Re8 $11) 29. e5 (29. a4 $14) 29... g6 30. Rd1 Qf5 31. Rc1 Rd3 $2 {[%mdl 8192] [#]} (31... Qg5 $11 32. Rf1 Qf5) 32. Qxc5 $3 $18 {[%mdl 512]} bxc5 33. Ne7+ Kf8 34. Nxf5 gxf5 35. Rxc5 {[%mdl 4096] Endgame Threatens to win with a4. KR-KR} Ra3 36. Rc2 {Black must now prevent Rc8+.} Ke7 (36... Ra5 $142 37. Rb2 Ke7) 37. Rb2 $2 ({White should try} 37. h4 $18 gxh3 38. Kh2) 37... Ke6 $14 38. b6 ({Better is} 38. Re2 $1 $14) 38... axb6 $11 39. Rxb6+ Kxe5 40. Rb5+ Ke4 41. Rb4+ Ke5 42. Rb2 f4 43. Rb5+ Ke6 44. gxf4 Rxa2 45. Re5+ Kf6 46. Rg5 Ra4 47. Rxg4 Kf5 {[%csl LRf4,LRg4]} 48. h3 f6 49. Kg2 Ra3 50. Rg3 Ra7 51. Rg4 Ra3 $1 52. Rh4 Ra6 (52... Rb3 $14) 53. Kg3 $1 $16 Ra3+ 54. f3 Kg6 55. Rg4+ Kf5 (55... Kf7 $142 56. f5 Ke7 57. Re4+ Kf8) 56. h4 $1 $18 Ra1 57. Kh3 $2 (57. h5 $18) 57... Rb1 {[#]} (57... Ra3 $11 {remains equal.}) 58. Kg2 $1 $16 Rb2+ {[#]} (58... Ke6 $16 59. h5 Kf5) 59. Kg3 $1 $18 Rb1 60. Kh2 {Prevents Rg1.} (60. h5 $18) 60... Rb2+ (60... Rb3 $11) 61. Kg3 $2 (61. Rg2 $14 Rb3 62. Kg3) 61... Rb1 $1 62. Kh2 $2 {Both players deserved the win here.  Weighted Error Value: White=0.27 (precise) /Black=0.37} (62. h5 $18) 1/2-1/2